[Event "Cap Aurora op 21st"]
[Site "Cap Aurora"]
[Date "2017.06.25"]
[Round "2"]
[White "Georgescu, Tiberiu Marian"]
[Black "Oncel, Ilie"]
[Result "1-0"]
[WhiteElo "2463"]
[BlackElo "2012"]
[PlyCount "102"]
[EventDate "2017.06.24"]
[EventType "swiss"]
[EventRounds "9"]
[EventCountry "ROU"]
[SourceTitle "CBM 179 Extra"]
[Source "ChessBase"]
[SourceDate "2017.08.23"]
[SourceVersion "1"]
[SourceVersionDate "2017.08.23"]
[SourceQuality "1"]

1. d4 Nf6 2. c4 e6 3. Nf3 Bb4+ 4. Nbd2 c6 5. a3 Ba5 6. b4 Bc7 7. e4 d5 8. Bd3 dxe4 9. Nxe4 Nbd7 10. Bg5 h6 11. Bh4 Nf8 12. 0-0 Ng6 13. Nxf6+ gxf6 14. Bg3 Bxg3 15. hxg3 f5 16. Qe2 Qf6 17. d5 cxd5 18. cxd5 0-0 19. dxe6 Bxe6 20. Rac1 Kg7 21. Rc7 Bd5 22. Qc2 Bxf3 23. gxf3 Ne5 24. Kg2 Nc6 25. Qc5 Ne5 26. Bb1 f4 27. Qc2 Ng6 28. Qxg6+ Qxg6 29. Bxg6 Kxg6 30. Rxb7 Rfd8 31. Rc1 fxg3 32. fxg3 Rd2+ 33. Kh3 Rd3 34. Rc6+ f6 35. Rcc7 Rg8 36. Rxa7 Rxf3 37. a4 Rb3 38. b5 f5 39. Kh4 Rb4+ 40. Kh3 Rb3 41. Kg2 f4 42. gxf4 Kf5+ 43. Rg7 Rxg7+ 44. Rxg7 Kxf4 45. Rg6 h5 46. b6 Kf5 47. Rh6 Kg5 48. Rc6 Kg4 49. Rc4+ Kf5 50. a5 Ke6 51. Ra4 Kd5 1-0

[Event "Predeal op"]
[Site "Predeal"]
[Date "2006.08.12"]
[Round "1"]
[White "Dragomirescu, Robin Alexandru"]
[Black "Oncel, Ilie"]
[Result "1-0"]
[WhiteElo "2090"]
[BlackElo "2206"]
[PlyCount "55"]
[EventDate "2006.08.12"]
[EventType "swiss"]
[EventRounds "9"]
[EventCountry "ROU"]
[SourceTitle "CBM 113 Extra"]
[Source "ChessBase"]
[SourceDate "2006.09.14"]
[SourceVersion "1"]
[SourceVersionDate "2006.09.14"]
[SourceQuality "1"]

1. e4 e6 2. d4 d5 3. Nc3 Bb4 4. e5 c5 5. a3 Bxc3+ 6. bxc3 Ne7 7. Qg4 Kf8 8. Bd2 Qc7 9. Bd3 b6 10. Nf3 Ba6 11. 0-0 Bxd3 12. cxd3 c4 13. Ng5 h6 14. Nh3 cxd3 15. Nf4 Nbc6 16. Qxe6 Qb7 17. Qh3 Na5 18. Qxd3 Nc4 19. e6 g5 20. Nh5 f5 21. Rae1 Qc7 22. f4 g4 23. Re5 Ke8 24. Nf6+ Kd8 25. Rxd5+ Nxd5 26. Nxd5 Qc6 27. Qxf5 Re8 28. e7+ 1-0

[Event "Ploiesti Master op"]
[Site "Ploiesti"]
[Date "2003.06.04"]
[Round "6"]
[White "Oncel, Ilie"]
[Black "Ionescu, Doru Alexandru"]
[Result "0-1"]
[WhiteElo "2171"]
[BlackElo "2427"]
[PlyCount "76"]
[EventDate "2003.05.30"]
[EventType "swiss"]
[EventRounds "9"]
[EventCountry "ROU"]
[SourceTitle "EXT 2004"]
[Source "ChessBase"]
[SourceDate "2003.11.25"]
[SourceVersion "1"]
[SourceVersionDate "2003.11.25"]
[SourceQuality "1"]

1. c4 g6 2. Nc3 Bg7 3. g3 Nf6 4. Bg2 0-0 5. d3 d6 6. e4 e5 7. Nge2 Nbd7 8. 0-0 Nc5 9. b4 Ne6 10. Rb1 h5 11. Nd5 h4 12. Nxf6+ Qxf6 13. f4 hxg3 14. hxg3 a5 15. fxe5 Qxe5 16. Bb2 Qg5 17. Bc1 Qe7 18. b5 Nc5 19. Bf3 Bd7 20. Kg2 Rae8 21. Nf4 c6 22. Re1 g5 23. Nh5 Bd4 24. g4 Qe5 25. Rf1 Re6 26. Qd2 Rg6 27. Be2 Re8 28. Bb2 cxb5 29. cxb5 Ne6 30. Rf5 Qh8 31. Rh1 Bxb2 32. Nf6+ Qxf6 33. Rxf6 Bxf6 34. Qxa5 Bd4 35. Bf3 Rc8 36. Qd2 Nf4+ 37. Kg3 Bxb5 38. Qb4 Bf2+ 0-1

[Event "Ploiesti Master op"]
[Site "Ploiesti"]
[Date "2003.06.03"]
[Round "5"]
[White "Oncel, Ilie"]
[Black "Levay, Sorin"]
[Result "1/2-1/2"]
[WhiteElo "2171"]
[BlackElo "2296"]
[PlyCount "97"]
[EventDate "2003.05.30"]
[EventType "swiss"]
[EventRounds "9"]
[EventCountry "ROU"]
[SourceTitle "EXT 2004"]
[Source "ChessBase"]
[SourceDate "2003.11.25"]
[SourceVersion "1"]
[SourceVersionDate "2003.11.25"]
[SourceQuality "1"]

1. c4 c5 2. Nf3 Nc6 3. d4 cxd4 4. Nxd4 g6 5. e4 Bg7 6. Be3 Nf6 7. Nc3 d6 8. Be2 0-0 9. 0-0 Bd7 10. Qd2 Nxd4 11. Bxd4 Bc6 12. f3 a5 13. b3 Nd7 14. Bxg7 Kxg7 15. Qd4+ f6 16. Kh1 Qb6 17. Qxb6 Nxb6 18. Rfd1 Nd7 19. a3 b6 20. b4 Ra7 21. b5 Ba8 22. Na4 Rb8 23. Kg1 Rc7 24. Kf2 Nc5 25. Nxc5 Rxc5 26. Ke3 Bb7 27. Rac1 Rf8 28. f4 f5 29. exf5 Rcxf5 30. g3 g5 31. Rg1 Kh6 32. Rgf1 e5 33. fxe5 Rxe5+ 34. Kd2 Rfe8 35. Bd3 Kg7 36. Rf2 Be4 37. Re1 Bxd3 38. Rxe5 Rxe5 39. Kxd3 h6 40. Kd4 g4 41. Rf4 h5 42. Re4 Rf5 43. Re6 Rf2 44. Rxd6 Rxh2 45. Rxb6 h4 46. gxh4 g3 47. Ke3 Rxh4 48. Kf3 Rxc4 49. Kxg3 1/2-1/2

[Event "Ploiesti Master op"]
[Site "Ploiesti"]
[Date "2003.06.01"]
[Round "3"]
[White "Oncel, Ilie"]
[Black "Bondoc, Dan Vladimir"]
[Result "1-0"]
[WhiteElo "2171"]
[BlackElo "2275"]
[PlyCount "91"]
[EventDate "2003.05.30"]
[EventType "swiss"]
[EventRounds "9"]
[EventCountry "ROU"]
[SourceTitle "EXT 2004"]
[Source "ChessBase"]
[SourceDate "2003.11.25"]
[SourceVersion "1"]
[SourceVersionDate "2003.11.25"]
[SourceQuality "1"]

1. c4 Nf6 2. Nc3 c5 3. Nf3 d5 4. cxd5 Nxd5 5. g3 Nc6 6. Bg2 Nc7 7. 0-0 g6 8. d3 Bg7 9. Be3 Ne6 10. Nd2 Bd7 11. Nde4 b6 12. Qd2 h6 13. g4 Ned4 14. h3 Rc8 15. Ng3 f5 16. gxf5 Nxf5 17. Nxf5 Bxf5 18. Bf4 Qd7 19. Kh2 Be6 20. Rad1 Nd4 21. Qe3 Nf5 22. Qe4 0-0 23. Be5 Bxe5+ 24. Qxe5 Qc7 25. Qxc7 Rxc7 26. Nb5 Rd7 27. Bc6 Rdd8 28. Nxa7 Bxa2 29. Ra1 Bf7 30. Be4 Nd4 31. e3 Nb3 32. Nc6 Rd7 33. Ne5 Rd6 34. Rad1 Be8 35. f4 Kg7 36. Rg1 Na5 37. Rg2 Nc6 38. Nc4 Rd8 39. Nxb6 e5 40. f5 g5 41. Nd5 Bf7 42. f6+ Kh8 43. Ne7 Nb4 44. h4 Rd6 45. hxg5 hxg5 46. Kg3 1-0

[Event "Ploiesti Master op"]
[Site "Ploiesti"]
[Date "2003.05.31"]
[Round "2"]
[White "Burnoiu, Constantina"]
[Black "Oncel, Ilie"]
[Result "1/2-1/2"]
[WhiteElo "2180"]
[BlackElo "2171"]
[PlyCount "90"]
[EventDate "2003.05.30"]
[EventType "swiss"]
[EventRounds "9"]
[EventCountry "ROU"]
[SourceTitle "EXT 2004"]
[Source "ChessBase"]
[SourceDate "2003.11.25"]
[SourceVersion "1"]
[SourceVersionDate "2003.11.25"]
[SourceQuality "1"]

1. e4 e6 2. d4 d5 3. Nc3 Bb4 4. e5 c5 5. a3 Bxc3+ 6. bxc3 Ne7 7. Qg4 Kf8 8. Bd3 Qa5 9. Bd2 Qa4 10. Kd1 Nbc6 11. Nf3 b6 12. h4 Ba6 13. Bxa6 Qxa6 14. h5 h6 15. Qf4 Rc8 16. g4 Qa4 17. Rh3 Ke8 18. Rb1 cxd4 19. cxd4 Na5 20. Ne1 Rc4 21. Rd3 Nac6 22. Bc3 Rf8 23. Qd2 Kd7 24. Ng2 Nb8 25. Bb4 Rfc8 26. Ne3 R4c6 27. f4 Na6 28. Bd6 Nc7 29. Rdb3 Ne8 30. Bb4 Nc7 31. f5 Nb5 32. Qd3 a5 33. Bxa5 Nxd4 34. Rb4 Qxa5 35. Qxd4 Qc5 36. Qd3 Ke8 37. Rb5 Qc3 38. fxe6 Rxe6 39. Qxc3 Rxc3 40. Nxd5 Nxd5 41. Rxd5 Rxa3 42. Rb4 Re3 43. Rbd4 R6xe5 44. Rd8+ Ke7 45. R8d7+ Ke8 1/2-1/2

[Event "Ploiesti TC IND Cup op"]
[Site "Ploiesti"]
[Date "2002.09.26"]
[Round "6"]
[White "Oncel, Ilie"]
[Black "Barbu, Nicolai"]
[Result "1-0"]
[WhiteElo "2173"]
[BlackElo "2202"]
[PlyCount "77"]
[EventDate "2002.09.14"]
[EventType "swiss"]
[EventRounds "11"]
[EventCountry "ROU"]
[SourceTitle "EXT 2003"]
[Source "ChessBase"]
[SourceDate "2002.11.25"]
[SourceVersion "1"]
[SourceVersionDate "2002.11.25"]
[SourceQuality "1"]

1. c4 Nf6 2. Nc3 d5 3. cxd5 Nxd5 4. Nf3 g6 5. Qa4+ Bd7 6. Qh4 Bc6 7. Qd4 f6 8. e3 Bg7 9. Be2 e5 10. Qc4 Nxc3 11. Qe6+ Qe7 12. Qxe7+ Kxe7 13. bxc3 e4 14. Nd4 Kd7 15. Nxc6 Nxc6 16. Rb1 Na5 17. f3 Rhe8 18. Kf2 a6 19. fxe4 Rxe4 20. d4 c6 21. Bd3 Re6 22. c4 b5 23. Bd2 Nb7 24. a4 Nd6 25. cxb5 axb5 26. axb5 Ra3 27. bxc6+ Kc8 28. Ke2 f5 29. Rhc1 Bxd4 30. c7 Ba7 31. Rc6 Kd7 32. Bb5 Kc8 33. Ba6+ Rxa6 34. Rxa6 Bc5 35. Ba5 Rxe3+ 36. Kf1 Ra3 37. Ra8+ Kd7 38. Rd8+ Ke7 39. Rxd6 1-0

[Event "Ploiesti TC IND Cup op"]
[Site "Ploiesti"]
[Date "2002.09.22"]
[Round "5"]
[White "Sandulescu, Gheorghe"]
[Black "Oncel, Ilie"]
[Result "1/2-1/2"]
[WhiteElo "2043"]
[BlackElo "2173"]
[PlyCount "103"]
[EventDate "2002.09.14"]
[EventType "swiss"]
[EventRounds "11"]
[EventCountry "ROU"]
[SourceTitle "EXT 2003"]
[Source "ChessBase"]
[SourceDate "2002.11.25"]
[SourceVersion "1"]
[SourceVersionDate "2002.11.25"]
[SourceQuality "1"]

1. d4 Nf6 2. c4 e6 3. Nf3 b6 4. Nc3 Bb4 5. Bg5 Bb7 6. e3 h6 7. Bh4 Bxc3+ 8. bxc3 d6 9. Bd3 Nbd7 10. 0-0 Qe7 11. Nd2 e5 12. f3 exd4 13. Be4 Bxe4 14. Nxe4 dxc3 15. Qd4 Qe5 16. Nxf6+ Nxf6 17. Rfd1 Qxd4 18. Rxd4 g5 19. Be1 0-0-0 20. Bxc3 Rhe8 21. Kf2 Nd7 22. a4 a5 23. Rd5 Re6 24. Bd4 Nc5 25. Bxc5 dxc5 26. Rad1 Rxd5 27. Rxd5 c6 28. Rf5 f6 29. f4 Kd7 30. Kf3 Ke7 31. h4 gxf4 32. exf4 Kf7 33. g4 Kg6 34. h5+ Kg7 35. g5 fxg5 36. fxg5 hxg5 37. Rxg5+ Kh7 38. Kf4 Kh6 39. Kf5 Re1 40. Rg6+ Kxh5 41. Rxc6 Rb1 42. Ke5 Kg5 43. Ke4 Rb4 44. Kd3 Kf5 45. Kc3 Ke5 46. Rh6 Ke4 47. Rf6 Ke3 48. Re6+ Kf2 49. Kd3 Rxa4 50. Rxb6 Ra3+ 51. Kc2 Ke3 52. Re6+ 1/2-1/2

[Event "Ploiesti TC IND Cup op"]
[Site "Ploiesti"]
[Date "2002.09.19"]
[Round "3"]
[White "Mosnegutu, Mariana"]
[Black "Oncel, Ilie"]
[Result "1-0"]
[WhiteElo "2238"]
[BlackElo "2173"]
[PlyCount "111"]
[EventDate "2002.09.14"]
[EventType "swiss"]
[EventRounds "11"]
[EventCountry "ROU"]
[SourceTitle "EXT 2003"]
[Source "ChessBase"]
[SourceDate "2002.11.25"]
[SourceVersion "1"]
[SourceVersionDate "2002.11.25"]
[SourceQuality "1"]

1. e4 e6 2. d4 d5 3. Nd2 Nf6 4. e5 Nfd7 5. f4 c5 6. c3 Nc6 7. Ndf3 Qb6 8. Ne2 cxd4 9. cxd4 Be7 10. Nc3 0-0 11. Bd3 f6 12. Na4 Qa5+ 13. Bd2 Bb4 14. Nc3 Qb6 15. a3 Be7 16. Na4 Qd8 17. 0-0 f5 18. b4 Ncb8 19. Qb3 Nc6 20. Rac1 Nb6 21. Nc5 a5 22. Bb5 axb4 23. axb4 Bxc5 24. dxc5 Nd7 25. Ra1 Rxa1 26. Rxa1 Qc7 27. Be3 h6 28. Qa4 Ndb8 29. Bd3 Bd7 30. b5 Ne7 31. Qb4 Re8 32. Ra7 Qc8 33. Nd4 Ng6 34. Nb3 Re7 35. Na5 Be8 36. c6 Bxc6 37. bxc6 Nxc6 38. Nxc6 Qxc6 39. Ra8+ Kh7 40. h4 d4 41. Bd2 Nxh4 42. Bf1 Ng6 43. Qxd4 Rd7 44. Qf2 Qc2 45. Be3 Qb1 46. Re8 Ne7 47. Bc5 Nd5 48. Rxe6 Nc3 49. Rb6 Qc1 50. Be3 Qa1 51. Qb2 Qa5 52. e6 Re7 53. Bd4 Nd1 54. Qc2 Qe1 55. Qxf5+ Kg8 56. Rd6 1-0

[Event "Revelion op"]
[Site "Romania"]
[Date "1999.??.??"]
[Round "?"]
[White "Pachia, Mihai"]
[Black "Oncel, Ilie"]
[Result "1-0"]
[WhiteElo "1800"]
[BlackElo "2160"]
[PlyCount "72"]
[EventDate "1999.??.??"]
[EventType "swiss"]
[EventRounds "7"]
[EventCountry "ROU"]
[SourceTitle "EXT 2004"]
[Source "ChessBase"]
[SourceDate "2003.11.25"]
[SourceVersion "1"]
[SourceVersionDate "2003.11.25"]
[SourceQuality "1"]

1. e4 e6 2. d3 d5 3. Nd2 Nf6 4. Ngf3 c5 5. g3 Nc6 6. Bg2 Be7 7. 0-0 0-0 8. Re1 b5 9. exd5 exd5 10. d4 cxd4 11. Nb3 Bd7 12. Nfxd4 Nxd4 13. Qxd4 Be6 14. Qd3 a6 15. Nd4 Bd7 16. Bg5 h6 17. Bxf6 Bxf6 18. Bxd5 Rc8 19. c3 b4 20. c4 Qb6 21. Rad1 Bg4 22. Rd2 Rcd8 23. Kg2 Qc5 24. Nb3 Qc8 25. c5 Be6 26. Qf3 Bxd5 27. Rxd5 Rxd5 28. Qxd5 Bxb2 29. Re7 Bf6 30. Rd7 Qe8 31. c6 Qe2 32. Nc5 Qb5 33. c7 Kh7 34. Rxf7 Rc8 35. Qf5+ Kg8 36. Qxc8+ Kxf7 1-0

[Event "Centrocoop June op-B"]
[Site "Eforie Nord"]
[Date "1998.??.??"]
[Round "?"]
[White "Gutsu, Sergy"]
[Black "Oncel, Ilie"]
[Result "1/2-1/2"]
[WhiteElo "1650"]
[BlackElo "2140"]
[PlyCount "33"]
[EventDate "1998.06.??"]
[EventType "swiss"]
[EventRounds "11"]
[EventCountry "ROU"]
[SourceTitle "EXT 2000"]
[Source "ChessBase"]
[SourceDate "1999.11.16"]
[SourceVersion "1"]
[SourceVersionDate "1999.11.16"]
[SourceQuality "1"]

1. g3 Nf6 2. Bg2 e6 3. e4 d5 4. exd5 exd5 5. Nf3 Bd6 6. 0-0 0-0 7. d4 h6 8. Ne5 Bf5 9. c4 c6 10. Qb3 Qb6 11. Qxb6 axb6 12. cxd5 Bxb1 13. Rxb1 cxd5 14. a3 Nc6 15. Nf3 Ne4 16. Be3 b5 17. Nd2 1/2-1/2

[Event "Centrocoop June op-B"]
[Site "Eforie Nord"]
[Date "1998.??.??"]
[Round "?"]
[White "Oncel, Ilie"]
[Black "Chirpii, Alexandru"]
[Result "1/2-1/2"]
[WhiteElo "2140"]
[BlackElo "1650"]
[PlyCount "32"]
[EventDate "1998.06.??"]
[EventType "swiss"]
[EventRounds "11"]
[EventCountry "ROU"]
[SourceTitle "EXT 2000"]
[Source "ChessBase"]
[SourceDate "1999.11.16"]
[SourceVersion "1"]
[SourceVersionDate "1999.11.16"]
[SourceQuality "1"]

1. c4 d5 2. cxd5 Qxd5 3. Nc3 Qd8 4. Nf3 Nf6 5. g3 e6 6. Bg2 Be7 7. 0-0 0-0 8. b3 Nbd7 9. Bb2 a6 10. Rc1 Rb8 11. Qc2 b5 12. d4 Bb7 13. Rfd1 Rc8 14. Ne5 Bxg2 15. Kxg2 c5 16. dxc5 Rxc5 1/2-1/2